[Event "CYCC U10"]
[Site "Vancouver CAN"]
[Date "2012.07.03"]
[Round "2"]
[White "Yie, Kevin Yi Xiao"]
[Black "Geng, Matthew"]
[Result "0-1"]
[WhiteElo "1670"]
[BlackElo "1187"]
[PlyCount "98"]
[GameId "2160767909508498"]
[EventDate "2012.07.03"]
[EventType "swiss"]
[EventRounds "7"]
[EventCountry "CAN"]
[SourceTitle "EXT 2022"]
[Source "ChessBase"]
[SourceDate "2021.10.06"]
[SourceVersion "1"]
[SourceVersionDate "2021.10.06"]
[SourceQuality "1"]

1. d4 d5 2. Bf4 Nc6 3. e3 a6 4. Bd3 Nf6 5. Nf3 Bg4 6. h3 Bh5 7. Nbd2 e6 8. c3 Bd6 9. Bxd6 Qxd6 10. Qc2 Bg6 11. Bxg6 fxg6 12. O-O O-O-O 13. Rfb1 e5 14. a4 e4 15. Nh2 h5 16. b4 g5 17. b5 Nb8 18. Ndf1 g4 19. h4 Rdg8 20. c4 a5 21. c5 Qe6 22. Qc3 g5 23. hxg5 Rxg5 24. Nd2 h4 25. g3 Rgh5 26. Nhf1 hxg3 27. Nxg3 Rh3 28. Kf1 Nh5 29. Nxh5 R8xh5 30. Ke2 Qf5 31. Rg1 Rh2 32. Raf1 Rh6 33. Nb3 Qf3+ 34. Ke1 Rh1 35. Qxa5 Rxg1 36. Rxg1 Rh2 37. Rf1 g3 38. b6 c6 39. Qa7 Rxf2 40. Rxf2 gxf2+ 41. Kf1 Qxe3 42. Qa5 Qxb3 43. Kxf2 Qf3+ 44. Ke1 e3 45. Qc3 Qf2+ 46. Kd1 e2+ 47. Kc2 e1=Q+ 48. Kb3 Qb1+ 49. Ka3 Qfa2# 0-1

[Event "CYCC U10"]
[Site "Vancouver CAN"]
[Date "2012.07.03"]
[Round "2"]
[White "Zhang, Clark"]
[Black "Taylor, Ashton"]
[Result "1-0"]
[WhiteElo "1013"]
[BlackElo "806"]
[PlyCount "29"]
[GameId "2160767909508499"]
[EventDate "2012.07.03"]
[EventType "swiss"]
[EventRounds "7"]
[EventCountry "CAN"]
[SourceTitle "hb 2012"]

1. e4 b6 2. d4 Bb7 3. Nc3 Nf6 4. e5 Nd5 5. Nxd5 Bxd5 6. Nf3 d6 7. Bb5+ c6 8. Bd3 b5 9. Bf4 h6 10. Qe2 g5 11. Bg3 g4 12. Nh4 h5 13. exd6 e6 14. Qe5 Rh7 15. Bxh7 1-0

[Event "CYCC U10"]
[Site "Vancouver CAN"]
[Date "2012.07.03"]
[Round "2"]
[White "Zhang, Zhehai"]
[Black "Reny, Alex"]
[Result "1-0"]
[WhiteElo "1301"]
[BlackElo "977"]
[PlyCount "119"]
[GameId "2160767909508500"]
[EventDate "2012.07.03"]
[EventType "swiss"]
[EventRounds "7"]
[EventCountry "CAN"]
[SourceTitle "hb 2012"]

1. e4 e5 2. Nf3 Nc6 3. Bc4 Nf6 4. d3 Bc5 5. O-O h6 6. c3 O-O 7. Bb3 d6 8. Nbd2 Bg4 9. Re1 Qd7 10. Nf1 Rfe8 11. Ng3 Re7 12. h3 Be6 13. Bc2 d5 14. Qe2 Rd8 15. Kh2 a6 16. Nh4 Kh7 17. Nhf5 Ree8 18. Qf3 dxe4 19. dxe4 b6 20. Nxh6 gxh6 21. Qxf6 Bf8 22. Qf3 Bg7 23. Nh5 Rg8 24. Nxg7 Rxg7 25. Be3 Rdg8 26. Rg1 Ne7 27. Qh5 Rg6 28. Qxe5 f6 29. Qh5 Qd6+ 30. Kh1 Qe5 31. Qxe5 fxe5 32. f4 exf4 33. Bxf4 c5 34. Bc7 b5 35. Bd6 Nc8 36. e5 Nxd6 37. exd6 Rd8 38. Rgd1 Kg7 39. Bxg6 Kxg6 40. Rd2 a5 41. b3 h5 42. Re1 Bd7 43. Re5 c4 44. bxc4 bxc4 45. Rxa5 h4 46. Rc5 Be6 47. a4 Kf6 48. a5 Kf7 49. a6 Kf6 50. a7 Kf7 51. Ra5 Ra8 52. d7 Bxd7 53. Rxd7+ Ke8 54. Rb7 Kd8 55. Rb8+ Rxb8 56. axb8=Q+ Kd7 57. Qb6 Kc8 58. Ra6 Kd7 59. Ra7+ Kc8 60. Qc7# 1-0

[Event "CYCC U10"]
[Site "Vancouver CAN"]
[Date "2012.07.03"]
[Round "2"]
[White "Zhou, Felix"]
[Black "Eirew, Milo"]
[Result "1-0"]
[WhiteElo "671"]
[BlackElo "571"]
[PlyCount "55"]
[GameId "2160767909508501"]
[EventDate "2012.07.03"]
[EventType "swiss"]
[EventRounds "7"]
[EventCountry "CAN"]
[SourceTitle "hb 2012"]

1. d4 d5 2. c4 dxc4 3. Nc3 Nc6 4. Nf3 Nf6 5. e4 e6 6. Bxc4 Qe7 7. O-O e5 8. d5 Nb4 9. a3 Na6 10. Bb5+ c6 11. dxc6 bxc6 12. Bxc6+ Nd7 13. Bxa8 Nc7 14. Bd5 Kd8 15. Bg5 f6 16. Nxe5 Qxe5 17. f4 Qd6 18. e5 Qb6+ 19. Kh1 Ba6 20. Rf3 Nxd5 21. Nxd5 Qb5 22. Nc7 Qe2 23. Ne6+ Ke7 24. Qd6+ Kf7 25. Qxd7+ Kg6 26. f5+ Kh5 27. Nf4+ Kg4 28. Rg3# 1-0

[Event "CYCC U10"]
[Site "Vancouver CAN"]
[Date "2012.07.04"]
[Round "3"]
[White "Chung, Alec"]
[Black "Ju, Lawrence"]
[Result "0-1"]
[WhiteElo "663"]
[BlackElo "1108"]
[PlyCount "112"]
[GameId "2160767909508502"]
[EventDate "2012.07.03"]
[EventType "swiss"]
[EventRounds "7"]
[EventCountry "CAN"]
[SourceTitle "EXT 2022"]
[Source "ChessBase"]
[SourceDate "2021.10.06"]
[SourceVersion "1"]
[SourceVersionDate "2021.10.06"]
[SourceQuality "1"]

1. b3 e5 2. Bb2 Nc6 3. c4 f5 4. e3 Nf6 5. Be2 d5 6. cxd5 Nxd5 7. Nc3 Be6 8. d3 Bb4 9. Rc1 Qd7 10. a3 Nxc3 11. Bxc3 Bxa3 12. Ra1 Bc5 13. Nf3 Bd6 14. O-O O-O-O 15. d4 exd4 16. exd4 Rhe8 17. Re1 h6 18. d5 Bxd5 19. Qxd5 Bxh2+ 20. Kxh2 Qxd5 21. Bc4 Qd6+ 22. Kg1 Rxe1+ 23. Rxe1 g5 24. Be6+ Kb8 25. Bxf5 Qd5 26. Bf6 Qxf5 27. Bxd8 Nxd8 28. Nd4 Qd3 29. Nf3 Qxb3 30. Ne5 Qc3 31. Kf1 Qxe1+ 32. Kxe1 Nc6 33. Nd3 a5 34. Kd2 Nb4 35. Nb2 b5 36. Kc3 Kb7 37. g3 Kb6 38. f4 gxf4 39. gxf4 Nd5+ 40. Kd3 Nxf4+ 41. Ke4 Ne6 42. Kf5 Nd8 43. Kg6 c5 44. Kxh6 c4 45. Nxc4+ bxc4 46. Kg6 c3 47. Kh7 c2 48. Kh8 c1=Q 49. Kg7 Qf4 50. Kg6 Kc6 51. Kg7 Kd6 52. Kg6 Ke5 53. Kg7 Qf7+ 54. Kh8 Qd7 55. Kg8 Kf6 56. Kh8 Qg7# 0-1

[Event "CYCC U10"]
[Site "Vancouver CAN"]
[Date "2012.07.04"]
[Round "3"]
[White "Doknjas, Joshua"]
[Black "Talukdar, Rohan"]
[Result "1-0"]
[WhiteElo "1628"]
[BlackElo "1254"]
[PlyCount "123"]
[GameId "2160767909508503"]
[EventDate "2012.07.03"]
[EventType "swiss"]
[EventRounds "7"]
[EventCountry "CAN"]
[SourceTitle "EXT 2022"]
[Source "ChessBase"]
[SourceDate "2021.10.06"]
[SourceVersion "1"]
[SourceVersionDate "2021.10.06"]
[SourceQuality "1"]

1. e4 c5 2. Nf3 d6 3. d4 cxd4 4. Nxd4 Nf6 5. Nc3 a6 6. f3 e5 7. Nb3 Be6 8. Be3 Be7 9. Qd2 Nc6 10. O-O-O O-O 11. g4 Nd7 12. g5 f6 13. f4 f5 14. Bh3 Kh8 15. Nd5 g6 16. Nxe7 Qxe7 17. Qxd6 Qxd6 18. Rxd6 exf4 19. Bxf4 Bxb3 20. axb3 fxe4 21. Bxd7 Rxf4 22. Bxc6 bxc6 23. Rxc6 Re8 24. Rc4 Rf2 25. Rd4 e3 26. h4 e2 27. Re1 Rh2 28. Kd2 Kg7 29. c3 Re7 30. b4 h6 31. b3 hxg5 32. hxg5 Re5 33. c4 Rxg5 34. Rxe2 Rxe2+ 35. Kxe2 Rg3 36. Rd3 Rxd3 37. Kxd3 Kf6 38. Ke4 g5 39. Kf3 Kf5 40. Kg3 g4 41. c5 Ke5 42. Kxg4 Kd5 43. Kf4 a5 44. bxa5 Kxc5 45. b4+ Kb5 46. Ke5 Ka6 47. Kd4 Kb5 48. Kd5 Ka6 49. Kc5 Kb7 50. b5 Ka7 51. a6 Kb8 52. b6 Ka8 53. Kc6 Kb8 54. a7+ Ka8 55. b7+ Kxa7 56. Kc7 Ka6 57. b8=Q Ka5 58. Kc6 Ka4 59. Kc5 Ka3 60. Kc4 Ka2 61. Kc3 Ka1 62. Qb2# 1-0

[Event "CYCC U10"]
[Site "Vancouver CAN"]
[Date "2012.07.04"]
[Round "3"]
[White "Eirew, Milo"]
[Black "Rodzik, Cameron"]
[Result "1-0"]
[WhiteElo "571"]
[BlackElo "593"]
[PlyCount "97"]
[GameId "2160767909508504"]
[EventDate "2012.07.03"]
[EventType "swiss"]
[EventRounds "7"]
[EventCountry "CAN"]
[SourceTitle "EXT 2022"]
[Source "ChessBase"]
[SourceDate "2021.10.06"]
[SourceVersion "1"]
[SourceVersionDate "2021.10.06"]
[SourceQuality "1"]

1. e4 e5 2. Nf3 Nf6 3. Nc3 Nc6 4. d4 d5 5. exd5 Ne7 6. Nxe5 Nexd5 7. Bc4 Nxc3 8. bxc3 b5 9. Nxf7 Qe7+ 10. Be3 bxc4 11. Nxh8 Ne4 12. f3 Nxc3 13. Qd2 Qh4+ 14. g3 Qe7 15. Qxc3 Bh3 16. Qd2 c3 17. Qxc3 Bg2 18. Rg1 Bxf3 19. Qd2 Rb8 20. Rf1 Qf6 21. Bg5 Qe6+ 22. Be3 Bb4 23. c3 Ba5 24. d5 Qe7 25. h4 Qd6 26. Rxf3 g6 27. Nf7 Qd7 28. Nh8 Qg4 29. Rf4 Qh3 30. Rf7 Qh1+ 31. Rf1 Qh3 32. Bg5 Qxg3+ 33. Rf2 Qg1+ 34. Ke2 Qxa1 35. Rf7 Qh1 36. Be7 Qg2+ 37. Ke3 Bb6+ 38. Kd3 Qxd5+ 39. Ke2 Qb5+ 40. Kf3 Qc6+ 41. Kf4 Qc4+ 42. Kg5 h6+ 43. Kxg6 Qg4+ 44. Kf6 Qxh4+ 45. Ke6 Qe4+ 46. Kf6 Qh4+ 47. Kg7 Qg4+ 48. Kf6 Qc4 49. Rf8# 1-0

[Event "CYCC U10"]
[Site "Vancouver CAN"]
[Date "2012.07.04"]
[Round "3"]
[White "Fox, Dylan"]
[Black "Ghodsi, Soroush"]
[Result "0-1"]
[WhiteElo "579"]
[BlackElo "960"]
[PlyCount "96"]
[GameId "2160767909508505"]
[EventDate "2012.07.03"]
[EventType "swiss"]
[EventRounds "7"]
[EventCountry "CAN"]
[SourceTitle "EXT 2022"]
[Source "ChessBase"]
[SourceDate "2021.10.06"]
[SourceVersion "1"]
[SourceVersionDate "2021.10.06"]
[SourceQuality "1"]

1. e4 Nf6 2. Nc3 Nc6 3. Nf3 g6 4. d4 Bg7 5. b3 O-O 6. Bc4 Nxe4 7. Nxe4 d5 8. Nfg5 Bxd4 9. Rb1 dxc4 10. bxc4 f5 11. Ng3 Bxf2+ 12. Ke2 Nd4+ 13. Kf1 Bxg3 14. hxg3 b6 15. Nxh7 Ba6 16. Kg1 Bxc4 17. Rb4 Be2 18. Qxd4 Qe8 19. Bb2 Kf7 20. Qg7+ Ke6 21. Nxf8+ Qxf8 22. Qxf8 Rxf8 23. Bg7 Rf7 24. Bc3 c5 25. Ra4 a6 26. Rxa6 Bxa6 27. Rh6 Rf8 28. Rxg6+ Kd7 29. Bg7 Rf7 30. Be5 e6 31. Bb8 Rf8 32. Ba7 Kc7 33. Rg7+ Kc6 34. Rg6 Bc4 35. a4 Ra8 36. Rg7 e5 37. Kf2 Kd6 38. Ke3 Bd5 39. a5 bxa5 40. Bb6 Bxg2 41. Bc7+ Ke6 42. Rg6+ Kf7 43. Rc6 Bxc6 44. Bxe5 a4 45. c4 a3 46. Kf4 a2 47. Kxf5 a1=Q 48. Bxa1 Rxa1 0-1

[Event "CYCC U10"]
[Site "Vancouver CAN"]
[Date "2012.07.04"]
[Round "3"]
[White "Geng, Matthew"]
[Black "Hua, Eugene"]
[Result "1-0"]
[WhiteElo "1187"]
[BlackElo "810"]
[PlyCount "95"]
[GameId "2160767909508506"]
[EventDate "2012.07.03"]
[EventType "swiss"]
[EventRounds "7"]
[EventCountry "CAN"]
[SourceTitle "EXT 2022"]
[Source "ChessBase"]
[SourceDate "2021.10.06"]
[SourceVersion "1"]
[SourceVersionDate "2021.10.06"]
[SourceQuality "1"]

1. e4 e5 2. Nf3 Nc6 3. Bc4 Nf6 4. Nc3 Bb4 5. O-O O-O 6. Re1 d6 7. h3 Re8 8. a3 Ba5 9. b4 Bb6 10. d3 Nd4 11. Be3 Nxf3+ 12. Qxf3 Bxe3 13. Rxe3 Be6 14. Bd5 c6 15. Bxe6 Rxe6 16. Ne2 d5 17. Qf5 Qd7 18. Rg3 h6 19. Qf3 Rae8 20. Nc3 d4 21. Na4 b5 22. Nc5 Qc8 23. Nxe6 Rxe6 24. Rc1 Qa6 25. Ra1 Qa4 26. Qe2 Nd7 27. Qg4 g6 28. Qd1 Nf6 29. Qc1 Re8 30. c3 dxc3 31. Qxc3 Re6 32. f3 Kg7 33. h4 Nh5 34. Rg4 Nf4 35. Kf2 Nh5 36. f4 Kh7 37. fxe5 f5 38. exf5 gxf5 39. Rd4 Kg6 40. Rd6 Rxd6 41. exd6 Nf6 42. Qxc6 Qb3 43. Re1 Qb2+ 44. Kf3 Qxa3 45. Qxb5 Qc3 46. Re6 Kh5 47. Qxf5+ Kxh4 48. g3# 1-0

[Event "CYCC U10"]
[Site "Vancouver CAN"]
[Date "2012.07.04"]
[Round "3"]
[White "Guo, Thomas"]
[Black "Madokoro, Aidan"]
[Result "1-0"]
[WhiteElo "1334"]
[BlackElo "788"]
[PlyCount "79"]
[GameId "2160767909508507"]
[EventDate "2012.07.03"]
[EventType "swiss"]
[EventRounds "7"]
[EventCountry "CAN"]
[SourceTitle "EXT 2022"]
[Source "ChessBase"]
[SourceDate "2021.10.06"]
[SourceVersion "1"]
[SourceVersionDate "2021.10.06"]
[SourceQuality "1"]

1. e4 c5 2. Nf3 e6 3. d4 cxd4 4. Nxd4 a6 5. Nc3 Qc7 6. Be3 Bd6 7. Qf3 Nf6 8. Bd3 b5 9. Bg5 Be7 10. a3 Bb7 11. O-O h6 12. Bf4 e5 13. Bg3 Nc6 14. Nf5 Rg8 15. Rad1 O-O-O 16. Rfe1 Bf8 17. Ne2 Qa5 18. c4 b4 19. Ra1 bxa3 20. bxa3 Bxa3 21. Bc2 Qd2 22. Bd3 Bb2 23. Red1 Qb4 24. Rab1 Qa4 25. Rd2 Ba1 26. Bc2 Qa5 27. Rdd1 Qa2 28. Bb3 Qa5 29. Rxa1 Qc5 30. Rf1 g6 31. Nd6+ Kb8 32. Qxf6 Na5 33. Nxb7 Nxb7 34. Bxe5+ Ka8 35. Qxa6+ Qa7 36. Bc2 Na5 37. Qxa5 Qxa5 38. Rxa5+ Kb7 39. Rb1+ Kc6 40. Nd4# 1-0

[Event "CYCC U10"]
[Site "Vancouver CAN"]
[Date "2012.07.04"]
[Round "3"]
[White "Jiang, Jerry"]
[Black "Cardinal, Anthony"]
[Result "1-0"]
[WhiteElo "416"]
[BlackElo "240"]
[PlyCount "23"]
[GameId "2160767909508508"]
[EventDate "2012.07.03"]
[EventType "swiss"]
[EventRounds "7"]
[EventCountry "CAN"]
[SourceTitle "EXT 2022"]
[Source "ChessBase"]
[SourceDate "2021.10.06"]
[SourceVersion "1"]
[SourceVersionDate "2021.10.06"]
[SourceQuality "1"]

1. e4 e5 2. Nf3 Nf6 3. Nc3 Nc6 4. Bb5 Bb4 5. d3 O-O 6. Bd2 d6 7. O-O Ng4 8. h3 Nh2 9. Kxh2 Be6 10. Ng5 Bd7 11. Qh5 f6 12. Qxh7# 1-0

[Event "CYCC U10"]
[Site "Vancouver CAN"]
[Date "2012.07.04"]
[Round "3"]
[White "Jing, Ryan"]
[Black "Luan, Zhen Shu"]
[Result "0-1"]
[WhiteElo "913"]
[BlackElo "959"]
[PlyCount "32"]
[GameId "2160767909508509"]
[EventDate "2012.07.03"]
[EventType "swiss"]
[EventRounds "7"]
[EventCountry "CAN"]
[SourceTitle "EXT 2022"]
[Source "ChessBase"]
[SourceDate "2021.10.06"]
[SourceVersion "1"]
[SourceVersionDate "2021.10.06"]
[SourceQuality "1"]

1. e4 e5 2. Nf3 Nc6 3. Bc4 Nf6 4. Ng5 Bc5 5. Bxf7+ Kf8 6. Nc3 b5 7. Nxb5 Ng4 8. O-O Qxg5 9. d4 Qh4 10. h3 Nxf2 11. Rxf2 exd4 12. g3 Qxg3+ 13. Rg2 d3+ 14. Kh1 Qxh3+ 15. Rh2 dxc2 16. Qxc2 Qf1# 0-1

[Event "CYCC U10"]
[Site "Vancouver CAN"]
[Date "2012.07.04"]
[Round "3"]
[White "Low, Ethan"]
[Black "Yie, Kevin Yi Xiao"]
[Result "0-1"]
[WhiteElo "843"]
[BlackElo "1670"]
[PlyCount "48"]
[GameId "2160767909508510"]
[EventDate "2012.07.03"]
[EventType "swiss"]
[EventRounds "7"]
[EventCountry "CAN"]
[SourceTitle "EXT 2022"]
[Source "ChessBase"]
[SourceDate "2021.10.06"]
[SourceVersion "1"]
[SourceVersionDate "2021.10.06"]
[SourceQuality "1"]

1. d4 d5 2. Bf4 Nf6 3. e3 g6 4. Bd3 Bg7 5. c3 c6 6. Nd2 Nbd7 7. Qc2 O-O 8. Be2 Re8 9. Ngf3 a5 10. Ne5 Nf8 11. Ndf3 Ne4 12. Bd3 f6 13. Bxe4 dxe4 14. Qxe4 Bf5 15. Nxc6 Qd7 16. Nb8 Raxb8 17. Bxb8 Bxe4 18. O-O-O Rxb8 19. Rhg1 Qa4 20. Kd2 Qc2+ 21. Ke1 Bd3 22. Rd2 Qb1+ 23. Rd1 Qxb2 24. Rd2 Qxc3 0-1

[Event "CYCC U10"]
[Site "Vancouver CAN"]
[Date "2012.07.04"]
[Round "3"]
[White "Ming, Wenyang"]
[Black "Pulfer, Luke"]
[Result "1/2-1/2"]
[WhiteElo "1324"]
[BlackElo "1667"]
[PlyCount "57"]
[GameId "2160767909508511"]
[EventDate "2012.07.03"]
[EventType "swiss"]
[EventRounds "7"]
[EventCountry "CAN"]
[SourceTitle "EXT 2022"]
[Source "ChessBase"]
[SourceDate "2021.10.06"]
[SourceVersion "1"]
[SourceVersionDate "2021.10.06"]
[SourceQuality "1"]

1. e4 e5 2. Nf3 Nc6 3. Bc4 Bc5 4. d3 h6 5. Nbd2 Nf6 6. Nf1 d6 7. c3 d5 8. exd5 Nxd5 9. Bb5 Bd6 10. Bxc6+ bxc6 11. Ng3 O-O 12. O-O Ba6 13. Re1 Re8 14. Nf5 Qf6 15. Ne3 Qg6 16. d4 e4 17. Nd2 Bd3 18. Ndf1 f5 19. g3 f4 20. Ng2 f3 21. Nge3 Nf4 22. Kh1 Be2 23. Qb3+ Ne6 24. Qc2 Kh8 25. a4 a5 26. Qd2 Ng5 27. Rxe2 fxe2 28. Qxe2 Nf3 29. Nd2 1/2-1/2

[Event "CYCC U10"]
[Site "Vancouver CAN"]
[Date "2012.07.04"]
[Round "3"]
[White "Rapin, Oliver"]
[Black "Smith, Alexei"]
[Result "0-1"]
[WhiteElo "641"]
[BlackElo "502"]
[PlyCount "100"]
[GameId "2160767909508512"]
[EventDate "2012.07.03"]
[EventType "swiss"]
[EventRounds "7"]
[EventCountry "CAN"]
[SourceTitle "EXT 2022"]
[Source "ChessBase"]
[SourceDate "2021.10.06"]
[SourceVersion "1"]
[SourceVersionDate "2021.10.06"]
[SourceQuality "1"]

1. e4 e5 2. d4 Nc6 3. c3 Nf6 4. Nf3 Bd6 5. Bd3 Be7 6. O-O d6 7. Na3 Bg4 8. Qe1 O-O 9. Nc4 Nd7 10. h3 Bh5 11. Ng5 Bxg5 12. d5 Ncb8 13. Na5 c6 14. Nxb7 Qc7 15. Bxg5 f6 16. Bc1 Qxb7 17. Be2 Bg6 18. Bd3 Nc5 19. Bc2 f5 20. exf5 Bxf5 21. Bxf5 Rxf5 22. Qd1 cxd5 23. Qc2 Rh5 24. Qd1 Rf5 25. Qg4 Qd7 26. b4 Nd3 27. Be3 Qf7 28. Qg3 d4 29. cxd4 exd4 30. Bxd4 Nc6 31. Qxd3 Re8 32. Rae1 Ne5 33. Qg3 Qd5 34. Bxa7 Ra8 35. Rd1 Qxa2 36. Bd4 Ra3 37. Qh4 Qc2 38. Qd8+ Kf7 39. Rc1 Qe2 40. Rc7+ Ke6 41. Qe7+ Kd5 42. Rc5+ Ke4 43. Qh4+ Kd3 44. Qg3+ Ke4 45. Qh4+ Rf4 46. Qxh7+ Kxd4 47. Qxg7 Ra1 48. h4 Rxf1+ 49. Kh2 Rxh4+ 50. Kg3 Qxf2# 0-1

[Event "CYCC U10"]
[Site "Vancouver CAN"]
[Date "2012.07.04"]
[Round "3"]
[White "Reny, Alex"]
[Black "Zhang, Clark"]
[Result "1-0"]
[WhiteElo "977"]
[BlackElo "1013"]
[PlyCount "52"]
[GameId "2160767909508513"]
[EventDate "2012.07.03"]
[EventType "swiss"]
[EventRounds "7"]
[EventCountry "CAN"]
[SourceTitle "EXT 2022"]
[Source "ChessBase"]
[SourceDate "2021.10.06"]
[SourceVersion "1"]
[SourceVersionDate "2021.10.06"]
[SourceQuality "1"]

1. e4 e5 2. Nf3 Nc6 3. Bb5 Bc5 4. O-O d6 5. h3 a6 6. Ba4 b5 7. Bb3 Nf6 8. d3 O-O 9. Bg5 h6 10. Bh4 Bb7 11. Nc3 Na5 12. Nd5 Nxb3 13. Nxf6+ gxf6 14. axb3 Kh8 15. Nd2 Kh7 16. Qf3 Kg7 17. Qg4+ Kh7 18. Qf5+ Kg7 19. c3 Bc8 20. Qh5 Qe7 21. b4 Bb6 22. Rfe1 Qe6 23. Re2 f5 24. g3 fxe4 25. Rxe4 Qxh3 26. Rae1 Bb7 1-0

[Event "CYCC U10"]
[Site "Vancouver CAN"]
[Date "2012.07.04"]
[Round "3"]
[White "Smyth, Ryan"]
[Black "Butchart, Brian"]
[Result "0-1"]
[WhiteElo "1110"]
[BlackElo "649"]
[PlyCount "72"]
[GameId "2160767909508514"]
[EventDate "2012.07.03"]
[EventType "swiss"]
[EventRounds "7"]
[EventCountry "CAN"]
[SourceTitle "EXT 2022"]
[Source "ChessBase"]
[SourceDate "2021.10.06"]
[SourceVersion "1"]
[SourceVersionDate "2021.10.06"]
[SourceQuality "1"]

1. e4 c5 2. d4 cxd4 3. c3 dxc3 4. Nxc3 e6 5. Nf3 a6 6. Be3 Qc7 7. Be2 d6 8. O-O Nf6 9. Qc2 Be7 10. Ng5 h6 11. e5 dxe5 12. Nf3 e4 13. Nxe4 Qxc2 14. Nc3 Qf5 15. Na4 Nbd7 16. Nd4 Qe5 17. Nf3 Qc7 18. Rac1 Qb8 19. Nd4 e5 20. Nf5 Bf8 21. Bc4 b5 22. Bxf7+ Kxf7 23. Nc3 g6 24. Ng3 Bg7 25. Rfd1 Bb7 26. f3 Re8 27. Nce4 Kg8 28. Nxf6+ Nxf6 29. Ne2 Rd8 30. Bd2 e4 31. fxe4 Nxe4 32. Re1 Qa7+ 33. Kh1 Nf2+ 34. Kg1 Nh3+ 35. Kh1 Qg1+ 36. Nxg1 Nf2# 0-1

[Event "CYCC U10"]
[Site "Vancouver CAN"]
[Date "2012.07.04"]
[Round "3"]
[White "Su, Michael"]
[Black "Chen, Philip X"]
[Result "1-0"]
[WhiteElo "1468"]
[BlackElo "1217"]
[PlyCount "97"]
[GameId "2160767909508515"]
[EventDate "2012.07.03"]
[EventType "swiss"]
[EventRounds "7"]
[EventCountry "CAN"]
[SourceTitle "EXT 2022"]
[Source "ChessBase"]
[SourceDate "2021.10.06"]
[SourceVersion "1"]
[SourceVersionDate "2021.10.06"]
[SourceQuality "1"]

1. d4 d5 2. Nf3 Nf6 3. e3 e6 4. Bd3 Bd6 5. Nbd2 O-O 6. b3 b6 7. Bb2 Bb7 8. O-O c5 9. Ng5 Nbd7 10. f4 h6 11. Qf3 Re8 12. g4 Nh7 13. Nxf7 Kxf7 14. Bxh7 g6 15. f5 exf5 16. dxc5 Bxc5 17. Bxg6+ Ke7 18. Bxe8 Kxe8 19. Bd4 Bd6 20. Qxf5 Qe7 21. Qg6+ Kd8 22. Bf6 Qxf6 23. Rxf6 Nxf6 24. Qxf6+ Kc7 25. Qxh6 Rd8 26. g5 Bf8 27. Qh7+ Rd7 28. Qf5 Bg7 29. Rf1 Ba6 30. Qxd7+ Kxd7 31. Rf7+ Ke6 32. Rxg7 Kf5 33. h4 Be2 34. Kf2 Bh5 35. Kg3 a5 36. c4 dxc4 37. Nxc4 b5 38. Nxa5 Be8 39. h5 Bxh5 40. Nc6 Be8 41. Nd4+ Ke4 42. Re7+ Kd3 43. Rxe8 b4 44. g6 Kc3 45. g7 Kb2 46. g8=Q Kxa2 47. Ra8+ Kb2 48. Qc4 Kb1 49. Qc2# 1-0

[Event "CYCC U10"]
[Site "Vancouver CAN"]
[Date "2012.07.04"]
[Round "3"]
[White "Surya, Benito"]
[Black "Wang, Tim"]
[Result "1-0"]
[WhiteElo "892"]
[BlackElo "768"]
[PlyCount "55"]
[GameId "2160767909508516"]
[EventDate "2012.07.03"]
[EventType "swiss"]
[EventRounds "7"]
[EventCountry "CAN"]
[SourceTitle "EXT 2022"]
[Source "ChessBase"]
[SourceDate "2021.10.06"]
[SourceVersion "1"]
[SourceVersionDate "2021.10.06"]
[SourceQuality "1"]

1. d4 d5 2. Nf3 c5 3. dxc5 b6 4. Nc3 e6 5. Bf4 Nc6 6. e3 Nf6 7. Bb5 Bd7 8. O-O bxc5 9. Ba6 h6 10. Nb5 Nb4 11. Bc7 Qe7 12. Nd6+ Qxd6 13. Bxd6 Bxd6 14. Bc4 dxc4 15. Qxd6 Ne4 16. Qd1 Ba4 17. b3 cxb3 18. axb3 Bb5 19. c4 Rd8 20. Qb1 Nc3 21. Qb2 Ne4 22. cxb5 Ng5 23. Nxg5 hxg5 24. Qxg7 Ke7 25. Qxg5+ f6 26. Qg7+ Kd6 27. Rfd1+ Nd5 28. e4 1-0

[Event "CYCC U10"]
[Site "Vancouver CAN"]
[Date "2012.07.04"]
[Round "3"]
[White "Taylor, Ashton"]
[Black "Gaisinsky, Adam"]
[Result "1/2-1/2"]
[WhiteElo "806"]
[BlackElo "904"]
[PlyCount "87"]
[GameId "2160767909508517"]
[EventDate "2012.07.03"]
[EventType "swiss"]
[EventRounds "7"]
[EventCountry "CAN"]
[SourceTitle "hb 2012"]

1. c4 e5 2. Nc3 Nc6 3. g3 Nf6 4. Bg2 Bc5 5. d3 d6 6. Bg5 h6 7. Bxf6 Qxf6 8. Ne4 Qf5 9. Nxc5 dxc5 10. Be4 Qf6 11. Qc1 O-O 12. f4 exf4 13. Qxf4 Qxf4 14. gxf4 Nd4 15. Kd2 Bg4 16. e3 Nf5 17. Bxb7 Rab8 18. Bf3 Bxf3 19. Nxf3 Rxb2+ 20. Kc3 Rf2 21. Rhf1 Rxf1 22. Rxf1 Nxe3 23. Re1 Ng2 24. Re7 Nxf4 25. Rxc7 Rd8 26. Ne5 f6 27. Nd7 Re8 28. Nxc5 Ne2+ 29. Kd2 Nd4 30. Ne4 Nf3+ 31. Kc3 Nxh2 32. Rxa7 f5 33. Nd6 f4 34. Nxe8 f3 35. Rxg7+ Kf8 36. Rg1 f2 37. Rh1 f1=Q 38. Rxf1+ Nxf1 39. a4 Kxe8 40. a5 Kd7 41. a6 Kc7 42. c5 Ne3 43. Kb4 Nd5+ 44. Kb3 1/2-1/2

[Event "CYCC U10"]
[Site "Vancouver CAN"]
[Date "2012.07.04"]
[Round "3"]
[White "Thomson, Noah"]
[Black "Chertkow, Matthew"]
[Result "0-1"]
[WhiteElo "622"]
[BlackElo "868"]
[PlyCount "102"]
[GameId "2160767909508518"]
[EventDate "2012.07.03"]
[EventType "swiss"]
[EventRounds "7"]
[EventCountry "CAN"]
[SourceTitle "EXT 2022"]
[Source "ChessBase"]
[SourceDate "2021.10.06"]
[SourceVersion "1"]
[SourceVersionDate "2021.10.06"]
[SourceQuality "1"]

1. e4 e5 2. g3 Nc6 3. f4 exf4 4. gxf4 Qh4+ 5. Ke2 d5 6. Nf3 Qxf4 7. Kf2 Bc5+ 8. Kg2 dxe4 9. d4 Qg4+ 10. Kf2 exf3 11. Qe1+ Be7 12. Rg1 Qxd4+ 13. Be3 Qh4+ 14. Rg3 Qxh2+ 15. Bg2 Bh4 16. Bg5+ Be6 17. Bxh4 Qxh4 18. Bxf3 Nf6 19. Qh1 Qxh1 20. Bxh1 O-O 21. Nc3 Nd4 22. Bf3 Nxf3 23. Kxf3 Bg4+ 24. Kg2 h5 25. Kf1 h4 26. Rg1 h3 27. Rh1 Nh5 28. Kf2 f5 29. Ne2 Bxe2 30. Kxe2 Ng3+ 31. Kf2 Nxh1+ 32. Rxh1 f4 33. Rxh3 f3 34. Rxf3 Rxf3+ 35. Kxf3 c5 36. c4 Rf8+ 37. Kg2 Rf4 38. Kg3 Rxc4 39. b3 Rc3+ 40. Kf2 b5 41. Ke2 a5 42. Kd2 Rh3 43. Kc2 a4 44. Kb2 axb3 45. axb3 c4 46. Kb1 c3 47. Kc2 g5 48. Kd1 g4 49. Ke1 Rh2 50. Kf1 g3 51. Kg1 c2 0-1